000 00626nam a2200217 a 4500
001 000016430
003 DO-SdBNP
005 20240306073904.0
007 ta
008 100305s1953 dr 0 0 spa d
040 _aDO-SdBNP
_bspa
_cBNPHU
082 _axxxx
_bA385i
100 1 _aAlfau Durán, Vetilio,
_d1909-1985
_910091
245 1 0 _aIdeario de Duarte /
_cVetilio Alfáu Durán.
260 _aCiudad Trujillo, República Dominicana :
_bImprenta "San Francisco",
_c1953.
300 _a13 p. ;
_c23 cm.
504 _aBibliografía p: 13
590 _aInventariado, 2022/ YL
910 _aYLockward
942 _2ddc
_cLF2
999 _c15965
_d15965